Culture of animal cells (Record no. 1000378)

MARC details
000 -LEADER
fixed length control field 00725nam a2200277Ia 4500
003 - CONTROL NUMBER IDENTIFIER
control field OSt
005 - DATE AND TIME OF LATEST TRANSACTION
control field 20221005093447.0
008 - FIXED-LENGTH DATA ELEMENTS--GENERAL INFORMATION
fixed length control field 221004b |||||||| |||| 00| 0 eng d
020 ## - INTERNATIONAL STANDARD BOOK NUMBER
International Standard Book Number 0471589667
037 ## - SOURCE OF ACQUISITION
Terms of availability Textual
040 ## - CATALOGING SOURCE
Original cataloging agency CRL
Transcribing agency CRL
Language of cataloging eng
041 ## - LANGUAGE CODE
Source of code eng
Language code of text/sound track or separate title eng
100 ## - MAIN ENTRY--PERSONAL NAME
Personal name Freshney R Ian
9 (RLIN) 464673
245 #0 - TITLE STATEMENT
Title Culture of animal cells
Remainder of title A manual of basic technique
250 ## - EDITION STATEMENT
Edition statement Ed 3
260 ## - PUBLICATION, DISTRIBUTION, ETC.
Place of publication, distribution, etc. New York
Name of publisher, distributor, etc. Wiley-Liss
Date of publication, distribution, etc. 1994
300 ## - PHYSICAL DESCRIPTION
Extent 486p.
Dimensions cm.
650 ## - SUBJECT ADDED ENTRY--TOPICAL TERM
Topical term or geographic name entry element CELLS
9 (RLIN) 550594
650 ## - SUBJECT ADDED ENTRY--TOPICAL TERM
Topical term or geographic name entry element PLANTS
942 ## - ADDED ENTRY ELEMENTS (KOHA)
Classification part L11:1:411, N4
Koha item type Textual
Source of classification or shelving scheme
Holdings
Withdrawn status Lost status Damaged status Not for loan Home library Current library Date acquired Total Checkouts Full call number Barcode Date last seen Price effective from Koha item type
        Central Library Central Library 2022-10-05   L11:1:411 N4 BM0000253 2022-10-05 2022-10-05 Textual
Copyright @ Delhi University Library System